| 000 | 00982cam a22002651i 4500 | ||
|---|---|---|---|
| 003 | SA-RiAUC | ||
| 005 | 20251013080732.0 | ||
| 008 | 251010s1992 su g 000 0 ara c | ||
| 035 | _aAUC_OC_2834 | ||
| 040 |
_aSA-JeALM _bara _cSA-RiAUC _erda |
||
| 082 | 0 | 4 |
_a091.072 _qSA-RiAUC |
| 090 |
_a091.072 _bا ب و ز |
||
| 100 | 1 |
_aأبو زيد، بكر بن عبد الله، _d1365-1429 هجري _eمؤلف. |
|
| 245 | 1 | 2 |
_aالرقابة على التراث _b / _cبكر بن عبد الله أبو زيد. |
| 250 | _aالطبعة الأولى. | ||
| 264 | 1 |
_aالرياض : _bدار العاصمة، _c1992 |
|
| 300 |
_a39 صفحة ؛ _c24 سم |
||
| 336 |
_aنص _btxt _2rdacontent _3كتاب |
||
| 337 |
_aبدون وسيط _bn _2rdamedia |
||
| 338 |
_aمجلد _bnc _2rdacarrier |
||
| 650 | 7 |
_aالمخطوطات العربية _xتحقيق _2aucsh |
|
| 650 | 7 |
_aالمخطوطات _xتحقيق _2aucsh |
|
| 942 |
_2ddc _cBOOK _n0 |
||
| 949 |
_aSA-JeALM _d251010 _umohamedma123 _n1 |
||
| 999 |
_c12505 _d12505 |
||